| 000 | 01150nam0a22002411i 4500 | ||
|---|---|---|---|
| 001 | rc\878175 | ||
| 005 | 20240723122505.0 | ||
| 035 | _a(NLR Aleph) 006055921 | ||
| 090 |
_a4856643 _c4856643 |
||
| 100 | _a20041129d1983 u |0rusy50 ca | ||
| 101 | 0 | _arus | |
| 102 | _aRU | ||
| 105 | _ay ||||||||| | ||
| 200 | 1 |
_aСовершенствование технологии бурения наклонных скважин при крутом залегании пластов в условиях сложного рельефа _e(На прим. площадей Прикаспийско-Кубин. третичной моноклинали) _eАвтореф. дис. на соиск. учен. степ. канд. техн. наук _e(05.15.10) |
|
| 210 |
_aБаку _d1983 |
||
| 215 | _a22 с. | ||
| 300 | _aВ надзаг.: Азерб. ин-т нефти и химии им. М. Азизбекова | ||
| 320 | _aБиблиогр.: с. 20-22 (11 назв.) | ||
| 700 | 1 |
_aЭюбов _bС.И. оглы _gСалахаддин Иззаддин оглы |
|
| 801 | 0 |
_aRU _bNLR _gpsbo |
|
| 801 | 1 |
_aRU _bELAR _2rusmarc |
|
| 852 |
_aNLR _j85-4/27693 |
||
| 942 | _cBOOK | ||